[Event "4NCL/Div2/BARY vs. OXF1"]
[Site "Wokefield Park ENG"]
[Date "2007.05.05"]
[Round "9.3"]
[White "Farrand, Julian T"]
[Black "Rose, Matthew"]
[Result "1/2-1/2"]
[WhiteElo "2172"]
[BlackElo "2225"]
[PlyCount "75"]
[EventDate "2007.05.05"]
[EventType "team"]
[EventRounds "11"]
[EventCountry "ENG"]
[WhiteTeam "Barbican Yth"]
[BlackTeam "Oxford 1"]

1. d4 Nf6 2. Nc3 d5 3. Bg5 Nbd7 4. Qd3 c6 5. e4 dxe4 6. Nxe4 Nxe4 7. Qxe4 Nf6
8. Qh4 Bf5 9. c3 Ne4 10. Bc1 Qa5 11. Ne2 e6 12. g4 Be7 13. Qh3 Bg6 14. Bg2
O-O-O 15. Qe3 Nf6 16. h3 Nd5 17. Qf3 h5 18. a4 hxg4 19. hxg4 Rxh1+ 20. Bxh1 Qa6
21. Nf4 Nxf4 22. Bxf4 Qc4 23. Bg2 Qd3 24. Qxd3 Bxd3 25. a5 a6 26. b4 g5 27. Be5
f6 28. Bg3 f5 29. gxf5 exf5 30. Kd2 Bc4 31. Re1 Kd7 32. Be5 Rf8 33. Rh1 Be6 34.
Rh7 f4 35. Be4 g4 36. Rg7 g3 37. Ke1 gxf2+ 38. Kxf2 1/2-1/2

[Event "4NCL/Div2/BARY vs. OXF1"]
[Site "Wokefield Park ENG"]
[Date "2007.05.05"]
[Round "9.4"]
[White "White, Michael J R"]
[Black "Levermore, Peter A"]
[Result "0-1"]
[WhiteElo "2260"]
[BlackElo "2105"]
[PlyCount "84"]
[EventDate "2007.05.05"]
[EventType "team"]
[EventRounds "11"]
[EventCountry "ENG"]
[WhiteTeam "Oxford 1"]
[BlackTeam "Barbican Yth"]

1. e4 c6 2. d4 d5 3. exd5 cxd5 4. c4 Nf6 5. Nc3 Nc6 6. Bg5 Be6 7. Qd2 Qd7 8. g3
O-O-O 9. O-O-O h6 10. Bxf6 exf6 11. Bg2 Bb4 12. Nge2 Qc7 13. c5 Bg4 14. Rde1 g5
15. a3 Ba5 16. b4 Nxb4 17. axb4 Bxb4 18. Qc2 Qa5 19. Kd2 Rhe8 20. f3 Bh5 21.
Ra1 Qb5 22. Nc1 Bg6 23. Bh3+ Kb8 24. Bf1 Qd7 25. Qa4 Qe6 26. Nd3 Qe3+ 27. Kc2
a5 28. Rd1 Qxd4 29. Qb3 Qf2+ 30. Kc1 Qxf3 31. Nxb4 axb4 32. Qxb4 Re3 33. Ne2
Rb3 34. Qa5 Rb1+ 35. Kd2 Qd3+ 36. Ke1 Rxd1+ 37. Kf2 Re8 38. c6 Qe3+ 39. Kg2
Be4+ 40. Kh3 g4+ 41. Kxg4 Qg5+ 42. Kh3 Qh5# 0-1

[Event "4NCL/Div2/BARY vs. OXF1"]
[Site "Wokefield Park ENG"]
[Date "2007.05.05"]
[Round "9.5"]
[White "Moore, John C"]
[Black "Milovanovic, Aleksander"]
[Result "0-1"]
[WhiteElo "2033"]
[BlackElo "2258"]
[PlyCount "56"]
[EventDate "2007.05.05"]
[EventType "team"]
[EventRounds "11"]
[EventCountry "ENG"]
[WhiteTeam "Barbican Yth"]
[BlackTeam "Oxford 1"]

1. e4 c5 2. Nc3 Nc6 3. g3 g6 4. Bg2 Bg7 5. d3 d6 6. f4 Nf6 7. Nf3 Rb8 8. O-O
O-O 9. h3 b5 10. a3 a5 11. Be3 b4 12. axb4 axb4 13. Ne2 Qc7 14. Qd2 Nd7 15.
Rab1 f5 16. Ng5 Nf6 17. e5 dxe5 18. fxe5 Nxe5 19. Nf4 Qd6 20. Qf2 Rb5 21. Rbd1
h6 22. d4 cxd4 23. Rxd4 Qa6 24. Nd5 Nxd5 25. Bxd5+ Rxd5 26. Rxd5 hxg5 27. Bd4
Qc6 28. Rc5 Nf3+ 0-1

[Event "4NCL/Div2/BARY vs. OXF1"]
[Site "Wokefield Park ENG"]
[Date "2007.05.05"]
[Round "9.6"]
[White "Eckersley-Waites, Tom"]
[Black "Anandajeyarajah, Thilagini"]
[Result "1-0"]
[WhiteElo "2175"]
[BlackElo "1835"]
[PlyCount "49"]
[EventDate "2007.05.05"]
[EventType "team"]
[EventRounds "11"]
[EventCountry "ENG"]
[WhiteTeam "Oxford 1"]
[BlackTeam "Barbican Yth"]

1. e4 e6 2. d4 d5 3. Nc3 Bb4 4. e5 c5 5. a3 Bxc3+ 6. bxc3 Qa5 7. Bd2 Qa4 8. Qb1
a6 9. Nf3 Nd7 10. g3 f6 11. Bh3 Nxe5 12. dxe5 Qe4+ 13. Be3 Qxf3 14. O-O fxe5
15. Bxc5 Ne7 16. Qb6 Qf7 17. Rae1 e4 18. f3 e3 19. Rxe3 Nf5 20. Rfe1 Bd7 21.
Rxe6+ Bxe6 22. Rxe6+ Kd7 23. Qxb7+ Kxe6 24. Qc6+ Ke5 25. f4+ 1-0

[Event "4NCL/Div2/PPA1 vs. WWKS1"]
[Site "Wokefield Park ENG"]
[Date "2007.05.05"]
[Round "9.1"]
[White "Posazhennikov, Alex"]
[Black "Mason, Don"]
[Result "1/2-1/2"]
[WhiteElo "2240"]
[BlackElo "2252"]
[PlyCount "87"]
[EventDate "2007.05.05"]
[EventType "team"]
[EventRounds "11"]
[EventCountry "ENG"]
[WhiteTeam "Poisnd Pawns 1"]
[BlackTeam "Warks Select 1"]

1. d4 Nf6 2. Nc3 d5 3. Bg5 Nbd7 4. f3 c6 5. e4 dxe4 6. fxe4 e5 7. dxe5 Qa5 8.
Bxf6 gxf6 9. e6 fxe6 10. a3 Bg7 11. Qg4 O-O 12. O-O-O Ne5 13. Qg3 b5 14. Nf3 b4
15. Nxe5 bxc3 16. Nxc6 Qb6 17. Qxc3 Bb7 18. Ne7+ Kh8 19. Qh3 Bxe4 20. Bd3 f5
21. b4 Rf7 22. Ng6+ Kg8 23. Nf4 a5 24. Bxe4 fxe4 25. Nxe6 axb4 26. Nxg7 bxa3
27. Ne6 Qb2+ 28. Kd2 Rd7+ 29. Ke3 Qc3+ 30. Kf4 Rf7+ 31. Kxe4 Ra4+ 32. Rd4 Qxc2+
33. Ke5 Ra5+ 34. Rd5 Qe2+ 35. Kd6 Ra6+ 36. Kc5 Qc2+ 37. Kd4 Ra4+ 38. Ke5 Qe2+
39. Kd6 Ra6+ 40. Kc5 Qc2+ 41. Kd4 Ra4+ 42. Ke5 Qe2+ 43. Kd6 Qa6+ 44. Ke5
1/2-1/2

[Event "4NCL/Div2/PPA1 vs. WWKS1"]
[Site "Wokefield Park ENG"]
[Date "2007.05.05"]
[Round "9.2"]
[White "Thomas, Nicholas"]
[Black "Swanson, Stephen"]
[Result "1-0"]
[WhiteElo "2279"]
[BlackElo "2245"]
[PlyCount "53"]
[EventDate "2007.05.05"]
[EventType "team"]
[EventRounds "11"]
[EventCountry "ENG"]
[WhiteTeam "Warks Select 1"]
[BlackTeam "Poisnd Pawns 1"]

1. e4 g6 2. Nc3 Bg7 3. g3 e5 4. Bg2 Ne7 5. d3 c6 6. h4 d5 7. h5 h6 8. Bd2 Be6
9. Bh3 Bxh3 10. Rxh3 Nd7 11. Qf3 Nc5 12. hxg6 fxg6 13. Qh1 Qb6 14. O-O-O O-O-O
15. Bxh6 Bxh6+ 16. Rxh6 Rhf8 17. Rh7 d4 18. Nb1 Na4 19. b3 Nc3 20. Qh3+ Kb8 21.
Nxc3 dxc3 22. Qe6 Qc5 23. Qxe7 Qxe7 24. Rxe7 Rxf2 25. Rxe5 Rdf8 26. Rc5 Rf1 27.
Nh3 1-0

[Event "4NCL/Div2/PPA1 vs. WWKS1"]
[Site "Wokefield Park ENG"]
[Date "2007.05.05"]
[Round "9.3"]
[White "Moore, Gerald"]
[Black "Pitcher, John"]
[Result "1/2-1/2"]
[WhiteElo "2238"]
[BlackElo "2192"]
[PlyCount "38"]
[EventDate "2007.05.05"]
[EventType "team"]
[EventRounds "11"]
[EventCountry "ENG"]
[WhiteTeam "Poisnd Pawns 1"]
[BlackTeam "Warks Select 1"]

1. Nf3 d5 2. d4 c6 3. c4 Nf6 4. Nc3 a6 5. c5 Nbd7 6. Bf4 Nh5 7. e3 Nxf4 8. exf4
g6 9. Bd3 Qc7 10. Qd2 Bh6 11. g3 f6 12. Qe2 Nf8 13. f5 Kf7 14. O-O Bd7 15. Rfe1
Re8 16. Nh4 Bg5 17. Nf3 Bh6 18. Nh4 Bg5 19. Nf3 Bh6 1/2-1/2

[Event "4NCL/Div2/PPA1 vs. WWKS1"]
[Site "Wokefield Park ENG"]
[Date "2007.05.05"]
[Round "9.4"]
[White "Shephard, Chris C W"]
[Black "Morgan, Ben"]
[Result "1/2-1/2"]
[WhiteElo "2180"]
[BlackElo "2240"]
[PlyCount "138"]
[EventDate "2007.05.05"]
[EventType "team"]
[EventRounds "11"]
[EventCountry "ENG"]
[WhiteTeam "Warks Select 1"]
[BlackTeam "Poisnd Pawns 1"]

1. c4 e6 2. Nf3 d5 3. b3 Nf6 4. g3 c5 5. Bg2 Nc6 6. O-O Be7 7. Bb2 d4 8. d3 O-O
9. a3 a5 10. e4 e5 11. Ne1 a4 12. bxa4 Qa5 13. h3 Qxa4 14. Qxa4 Rxa4 15. f4 Ne8
16. Nd2 Bd7 17. Rb1 f6 18. Bc1 Nd6 19. Nb3 b6 20. Nd2 Rb8 21. Nb3 Raa8 22. Rf2
Bd8 23. Nf3 Nf7 24. Bf1 Bc7 25. Kg2 Bd6 26. f5 b5 27. cxb5 Rxb5 28. Nbd2 Rxb1
29. Nxb1 Rb8 30. Rb2 Rxb2+ 31. Bxb2 Na5 32. Be2 Ba4 33. Nbd2 Bc7 34. Kf2 Nd6
35. Ne1 Kf7 36. g4 Bb6 37. Kg3 Bd8 38. Bc1 Be7 39. h4 Nc8 40. Nef3 Bc2 41. Ne1
Ba4 42. Nef3 Nd6 43. g5 c4 44. dxc4 Bc2 45. Kg4 Nxe4 46. Nxe4 Bxe4 47. Nd2 Bb7
48. Bd3 Kf8 49. g6 h6 50. h5 Bc5 51. Kg3 Bb6 52. Kg4 Ke7 53. Kg3 Bc6 54. Kg4
Bc5 55. Kg3 Kd7 56. Kg4 Bf8 57. Kg3 Nb7 58. Ne4 Bxe4 59. Bxe4 Nd6 60. Bd3 e4
61. c5 Nxf5+ 62. Kf4 exd3 63. Kxf5 Bxc5 64. Bxh6 Bxa3 65. Bd2 Ke7 66. Ke4 Bb2
67. Kxd3 Ke6 68. h6 gxh6 69. Bxh6 f5 1/2-1/2

[Event "4NCL/Div2/PPA1 vs. WWKS1"]
[Site "Wokefield Park ENG"]
[Date "2007.05.05"]
[Round "9.5"]
[White "Dunn, Andrew"]
[Black "Hunt, Malcolm A"]
[Result "1-0"]
[WhiteElo "2196"]
[BlackElo "2087"]
[PlyCount "83"]
[EventDate "2007.05.05"]
[EventType "team"]
[EventRounds "11"]
[EventCountry "ENG"]
[WhiteTeam "Poisnd Pawns 1"]
[BlackTeam "Warks Select 1"]

1. c4 c6 2. Nc3 d5 3. d4 Nf6 4. e3 a6 5. Nf3 b5 6. b3 Bg4 7. Be2 e6 8. h3 Bxf3
9. Bxf3 Nbd7 10. O-O Bd6 11. Bb2 O-O 12. Rc1 Qe7 13. Qc2 Rac8 14. e4 b4 15. e5
bxc3 16. exd6 Qxd6 17. Qxc3 Qb8 18. Qa5 Qb6 19. Qxb6 Nxb6 20. Ba3 Rfe8 21. cxd5
cxd5 22. Be2 a5 23. Bb5 Rxc1 24. Rxc1 Rc8 25. Rxc8+ Nxc8 26. f3 Nb6 27. Bd6
Nfd7 28. a4 f6 29. f4 Kf7 30. Bc7 e5 31. fxe5 fxe5 32. dxe5 Ke6 33. Kf2 d4 34.
Ke2 Kd5 35. Kd2 g5 36. g3 h5 37. Kc2 g4 38. hxg4 hxg4 39. Kd2 Ke6 40. Kd3 Nxe5+
41. Kxd4 Nf3+ 42. Kc5 1-0

[Event "4NCL/Div2/PPA1 vs. WWKS1"]
[Site "Wokefield Park ENG"]
[Date "2007.05.05"]
[Round "9.6"]
[White "Fallowfield, Jeremy"]
[Black "Byway, Paul"]
[Result "1/2-1/2"]
[WhiteElo "2060"]
[BlackElo "2159"]
[PlyCount "33"]
[EventDate "2007.05.05"]
[EventType "team"]
[EventRounds "11"]
[EventCountry "ENG"]
[WhiteTeam "Warks Select 1"]
[BlackTeam "Poisnd Pawns 1"]

1. d4 Nf6 2. c4 e6 3. Nf3 d5 4. g3 Bb4+ 5. Bd2 a5 6. Bg2 Nc6 7. Qc2 O-O 8. O-O
dxc4 9. Qxc4 Qd5 10. Qd3 Qe4 11. Qc4 Nd5 12. Nc3 Qc2 13. Rfc1 Nb6 14. Qb5 Qf5
15. e4 Qg6 16. Be3 a4 17. Qe2 1/2-1/2

[Event "4NCL/Div2/PPA1 vs. WWKS1"]
[Site "Wokefield Park ENG"]
[Date "2007.05.05"]
[Round "9.7"]
[White "Rosen, Daniel B"]
[Black "Fallowfield, Nicholas"]
[Result "1/2-1/2"]
[WhiteElo "2136"]
[BlackElo "1980"]
[PlyCount "38"]
[EventDate "2007.05.05"]
[EventType "team"]
[EventRounds "11"]
[EventCountry "ENG"]
[WhiteTeam "Poisnd Pawns 1"]
[BlackTeam "Warks Select 1"]

1. e4 Nf6 2. e5 Nd5 3. d4 d6 4. c4 Nb6 5. f4 dxe5 6. fxe5 c5 7. d5 e6 8. Nc3
exd5 9. cxd5 c4 10. Nf3 Bb4 11. Bxc4 Bxc3+ 12. bxc3 Nxc4 13. Qa4+ Nd7 14. Qxc4
Nb6 15. Qd4 Qxd5 16. O-O O-O 17. Be3 Qxd4 18. Bxd4 Nc4 19. Rf2 Be6 1/2-1/2

[Event "4NCL/Div2/PPA1 vs. WWKS1"]
[Site "Wokefield Park ENG"]
[Date "2007.05.05"]
[Round "9.8"]
[White "Hale, Katie L W"]
[Black "Sirisena, Chantal N"]
[Result "0-1"]
[WhiteElo "1830"]
[BlackElo "1950"]
[PlyCount "102"]
[EventDate "2007.05.05"]
[EventType "team"]
[EventRounds "11"]
[EventCountry "ENG"]
[WhiteTeam "Warks Select 1"]
[BlackTeam "Poisnd Pawns 1"]

1. e4 d6 2. d4 g6 3. Nf3 Bg7 4. Bc4 Nf6 5. Nc3 a6 6. Bb3 b5 7. O-O O-O 8. Bg5
c6 9. h3 Qc7 10. Re1 e5 11. d5 c5 12. a4 b4 13. Nb1 c4 14. Ba2 a5 15. Nbd2 Ba6
16. Nh2 Nbd7 17. Ng4 Nxg4 18. Qxg4 Nb6 19. Bb1 c3 20. bxc3 Qxc3 21. Ba2 Bc8 22.
Qd1 f6 23. Be3 Qc7 24. Bb3 Ba6 25. Kh1 Rac8 26. Rc1 f5 27. f3 Bf6 28. g4 Bh4
29. Rg1 f4 30. Bxb6 Qxb6 31. Nb1 Qe3 32. Rg2 Rf7 33. Nd2 Qb6 34. Nb1 Bg3 35. c3
bxc3 36. Rxc3 Rxc3 37. Nxc3 Qd8 38. Ne2 Qh4 39. Rxg3 fxg3 40. Kg2 Bxe2 41. Qxe2
h5 42. gxh5 gxh5 43. Qa6 Qf4 44. Qe2 h4 45. Bc4 Qc1 46. Bb5 Kg7 47. Bc6 Kh6 48.
Be8 Rf8 49. Bd7 Kg5 50. Bf5 Kf4 51. Bg4 Rb8 0-1

[Event "4NCL/Div2/WRO vs. BARY"]
[Site "Wokefield Park ENG"]
[Date "2007.05.06"]
[Round "10.1"]
[White "Teplitsky, Jan"]
[Black "Twyble, Michael S"]
[Result "1/2-1/2"]
[WhiteElo "2448"]
[BlackElo "2249"]
[PlyCount "90"]
[EventDate "2007.05.06"]

1. d4 d5 2. c4 dxc4 3. Nf3 Nf6 4. e3 e6 5. Bxc4 c5 6. O-O a6 7. Qe2 Nc6 8. Rd1
cxd4 9. exd4 Be7 10. Nc3 O-O 11. d5 exd5 12. Nxd5 Nxd5 13. Bxd5 Qc7 14. Qe4 Bf6
15. Bg5 Bxg5 16. Nxg5 g6 17. Rac1 Bf5 18. Qc4 Qe7 19. Qh4 h5 20. Nf3 Rfe8 21.
Bxc6 bxc6 22. Qxe7 Rxe7 23. Nd4 Be4 24. Re1 Rae8 25. f3 Bd5 26. Rxe7 Rxe7 27.
a3 a5 28. Kf2 Rb7 29. Rc2 Kf8 30. h4 Ke7 31. Ke3 Kd6 32. Kf4 f6 33. g4 hxg4 34.
fxg4 Rh7 35. Kg3 Re7 36. Re2 Rb7 37. Rc2 Re7 38. h5 Re3+ 39. Kf2 Re4 40. Kg3
gxh5 41. gxh5 Ke5 42. h6 Re3+ 43. Kh2 Re4 44. Kg3 Re3+ 45. Kh2 Re4 1/2-1/2

[Event "4NCL/Div2/WRO vs. BARY"]
[Site "Wokefield Park ENG"]
[Date "2007.05.06"]
[Round "10.2"]
[White "Coleman, David"]
[Black "Van de Griendt, Jan W"]
[Result "1/2-1/2"]
[WhiteElo "2249"]
[BlackElo "2365"]
[PlyCount "102"]
[EventDate "2007.05.06"]

1. e4 e6 2. d4 d5 3. Nc3 Bb4 4. e5 b6 5. a3 Bf8 6. Bb5+ Bd7 7. Be2 a6 8. Nf3 c5
9. dxc5 bxc5 10. O-O Qc7 11. Re1 Ne7 12. Bf4 Nbc6 13. Qd2 Na5 14. Rad1 c4 15.
Nd4 Rb8 16. Rb1 Nac6 17. Bg3 Nxd4 18. Qxd4 Bc6 19. Bg4 h5 20. Bh3 g5 21. f3 Rg8
22. Bf2 Bd7 23. g3 Bg7 24. Qe3 Bh8 25. Bg2 Nc6 26. Qc5 Rc8 27. Rbd1 Bxe5 28.
Nxd5 exd5 29. Rxd5 Be6 30. Rdxe5 Nxe5 31. Qxc7 Rxc7 32. Rxe5 Kd7 33. Ra5 Rc6
34. f4 Rd6 35. Be3 gxf4 36. Bxf4 Rd1+ 37. Kf2 Rc8 38. Rxa6 Bf5 39. Ra5 Bxc2 40.
Rxh5 Re8 41. Rc5 Be4 42. Bh3+ f5 43. Rc7+ Ke6 44. Bf1 Bd3 45. Bg2 Kf6 46. Be3
Rb1 47. Bd4+ Kg6 48. Bf3 Rc1 49. Rc6+ Kh7 50. Rc7+ Kg6 51. Rc6+ Kh7 1/2-1/2

[Event "4NCL/Div2/WRO vs. BARY"]
[Site "Wokefield Park ENG"]
[Date "2007.05.06"]
[Round "10.3"]
[White "Yepes, Eduardo"]
[Black "Sands, David"]
[Result "1/2-1/2"]
[WhiteElo "2291"]
[BlackElo "2252"]
[PlyCount "63"]
[EventDate "2007.05.06"]

1. d4 d5 2. c4 dxc4 3. Nf3 a6 4. a4 Nf6 5. e3 e6 6. Bxc4 c5 7. O-O Nc6 8. Qe2
Qc7 9. Nc3 Bd6 10. Rd1 O-O 11. h3 b6 12. dxc5 Bxc5 13. e4 Nd7 14. Kh1 Bd6 15.
Ba2 Nc5 16. Be3 Bb7 17. Rac1 Rfe8 18. Nd4 Nxd4 19. Bxd4 Bf4 20. Be3 Bxe3 21.
Qxe3 a5 22. f3 Rad8 23. Nb5 Qe5 24. Qc3 Qxc3 25. Nxc3 Bc6 26. b3 Kf8 27. Kg1
Ke7 28. Kf1 Rxd1+ 29. Rxd1 Rd8 30. Rxd8 Kxd8 31. Ke2 Ke7 32. Ke3 1/2-1/2

[Event "4NCL/Div2/WRO vs. BARY"]
[Site "Wokefield Park ENG"]
[Date "2007.05.06"]
[Round "10.4"]
[White "Farrand, Julian T"]
[Black "Kaid, Almar"]
[Result "1/2-1/2"]
[WhiteElo "2172"]
[BlackElo "2276"]
[PlyCount "77"]
[EventDate "2007.05.06"]

1. d4 e6 2. e4 d5 3. Nc3 Nf6 4. Bg5 dxe4 5. Nxe4 Nbd7 6. Nf3 h6 7. Nxf6+ Nxf6
8. Bh4 c5 9. Bb5+ Bd7 10. Bxf6 gxf6 11. Bxd7+ Qxd7 12. O-O O-O-O 13. c3 Rg8 14.
Qe2 Qc6 15. g3 Kb8 16. dxc5 Bxc5 17. b4 Bb6 18. c4 h5 19. c5 Bc7 20. Rfd1 Qa4
21. Rdb1 h4 22. Rb3 hxg3 23. fxg3 Qc6 24. Qf2 f5 25. Rc1 Qd5 26. Nh4 f4 27. Ng2
fxg3 28. hxg3 Rh8 29. Qf3 Qg5 30. Rf1 Be5 31. Rd1 Bd4+ 32. Kf1 Rh1+ 33. Ke2
Qe5+ 34. Re3 Bxe3 35. Rxd8+ Kc7 36. Nxe3 Rh2+ 37. Kd3 Kxd8 38. Ng4 Qh8 39. Nxh2
1/2-1/2

[Event "4NCL/Div2/WRO vs. BARY"]
[Site "Wokefield Park ENG"]
[Date "2007.05.06"]
[Round "10.5"]
[White "Gayson, Peter M"]
[Black "Hodgson, John H"]
[Result "1/2-1/2"]
[WhiteElo "2235"]
[BlackElo "2235"]
[PlyCount "36"]
[EventDate "2007.05.06"]

1. e4 c5 2. Nf3 Nc6 3. d4 cxd4 4. Nxd4 g6 5. Nc3 Bg7 6. Be3 Nf6 7. Bc4 O-O 8.
Bb3 d6 9. h3 Na5 10. O-O b6 11. f4 Nxb3 12. Nxb3 Bb7 13. Qd3 Rc8 14. Bd4 Qc7
15. a4 e5 16. Be3 Qc6 17. Nd2 Nxe4 18. Qxe4 d5 1/2-1/2

[Event "4NCL/Div2/WRO vs. BARY"]
[Site "Wokefield Park ENG"]
[Date "2007.05.06"]
[Round "10.6"]
[White "Levermore, Peter A"]
[Black "Adams, David M"]
[Result "1/2-1/2"]
[WhiteElo "2105"]
[BlackElo "2225"]
[PlyCount "76"]
[EventDate "2007.05.06"]

1. e4 Nf6 2. e5 Nd5 3. d4 d6 4. c4 Nb6 5. exd6 cxd6 6. Nc3 g6 7. Be3 Bg7 8. Rc1
O-O 9. b3 e5 10. dxe5 dxe5 11. Qxd8 Rxd8 12. c5 N6d7 13. Nf3 Nc6 14. Bc4 h6 15.
Ne4 Nf8 16. Nd6 Rd7 17. O-O Rc7 18. Nxc8 Raxc8 19. Nd2 Na5 20. Be2 Ne6 21. Ne4
Rd8 22. Nd6 a6 23. Rfd1 Nd4 24. Bf1 Nac6 25. Bc4 Bf8 26. Ne4 Kg7 27. f4 Rcd7
28. Re1 Nf5 29. fxe5 Nxe5 30. Bf4 Nxc4 31. Rxc4 g5 32. Be5+ Kg6 33. c6 Re7 34.
Bf6 Rxe4 35. Rexe4 Kxf6 36. cxb7 Nd6 37. Rc6 Rb8 38. Rxa6 Rxb7 1/2-1/2

[Event "4NCL/Div2/WRO vs. BARY"]
[Site "Wokefield Park ENG"]
[Date "2007.05.06"]
[Round "10.7"]
[White "Barrett, Steve J"]
[Black "Moore, John C"]
[Result "1/2-1/2"]
[WhiteElo "2200"]
[BlackElo "2033"]
[PlyCount "63"]
[EventDate "2007.05.06"]

1. d4 d5 2. c4 c6 3. Nc3 Nf6 4. Bg5 e6 5. e3 Nbd7 6. Nf3 Qa5 7. Qb3 Ne4 8. Bf4
Bb4 9. Rc1 Nb6 10. Bc7 Nxc3 11. bxc3 Qa3 12. Qc2 Ba5 13. c5 Nd7 14. Bf4 Bd8 15.
Bd3 b6 16. O-O bxc5 17. c4 Ba6 18. e4 cxd4 19. exd5 cxd5 20. Nxd4 Rc8 21. Rfe1
Bf6 22. Nxe6 fxe6 23. Rxe6+ Kf7 24. Bxh7 Rxh7 25. Qxh7 Kxe6 26. Re1+ Kf7 27.
Qh5+ Kg8 28. Qxd5+ Kh7 29. Qh5+ Kg8 30. Qd5+ Kh7 31. Qh5+ Kg8 32. Qd5+ 1/2-1/2

[Event "4NCL/Div2/WRO vs. BARY"]
[Site "Wokefield Park ENG"]
[Date "2007.05.06"]
[Round "10.8"]
[White "Bhatia, Kanwal K"]
[Black "Kharam, Irene"]
[Result "1/2-1/2"]
[WhiteElo "2052"]
[BlackElo "2000"]
[PlyCount "89"]
[EventDate "2007.05.06"]

1. e4 c5 2. c3 d5 3. exd5 Qxd5 4. d4 Nf6 5. Nf3 Bg4 6. Be2 e6 7. O-O Nc6 8. Be3
cxd4 9. cxd4 Be7 10. h3 Bh5 11. Nc3 Qd6 12. Nb5 Qb8 13. Qb3 O-O 14. Rfe1 a6 15.
Nc3 b5 16. a3 Na5 17. Qa2 Qb7 18. g4 Bg6 19. Ne5 Rac8 20. Bf3 Qc7 21. Rac1 Nc4
22. Bf4 Qb6 23. Nxg6 hxg6 24. d5 Bc5 25. b4 Bd6 26. Bxd6 Qxd6 27. dxe6 fxe6 28.
Ne4 Nxe4 29. Bxe4 Qd2 30. Qxd2 Nxd2 31. Bg2 Nf3+ 32. Bxf3 Rxc1 33. Rxc1 Rxf3
34. Rc6 Rxa3 35. Rxe6 Rxh3 36. Rxa6 Rb3 37. Rxg6 Rxb4 38. Rg5 Kf7 39. f3 Rb2
40. Kf1 Kf6 41. Rf5+ Ke6 42. Rg5 Kf6 43. Rf5+ Ke6 44. Rg5 Kf6 45. Rf5+ 1/2-1/2

[Event "4NCL/Div2/WWKS1 vs. BAR2"]
[Site "Wokefield Park ENG"]
[Date "2007.05.06"]
[Round "10.1"]
[White "Mason, Don"]
[Black "Rogers, Jonathan W"]
[Result "1-0"]
[WhiteElo "2252"]
[BlackElo "2364"]
[PlyCount "69"]
[EventDate "2007.05.06"]

1. d4 f5 2. Nf3 Nf6 3. g3 e6 4. Bg2 Be7 5. O-O O-O 6. c4 a5 7. Nc3 d5 8. Bg5 c6
9. c5 Nbd7 10. Rc1 h6 11. Bxf6 Bxf6 12. Na4 Qe8 13. e3 g5 14. Nd2 Bd8 15. f3 e5
16. e4 exd4 17. exd5 cxd5 18. Re1 Qf7 19. Nb3 f4 20. Nxd4 Nf6 21. Nb6 Bxb6 22.
cxb6 Qg6 23. g4 h5 24. h3 a4 25. Bf1 hxg4 26. hxg4 Ne4 27. fxe4 dxe4 28. Bc4+
Kh8 29. Bd5 f3 30. Rxe4 f2+ 31. Kf1 Ra5 32. Nf5 Bxf5 33. gxf5 Qxb6 34. Qh5+ Kg7
35. Qxg5+ 1-0

[Event "4NCL/Div2/WWKS1 vs. BAR2"]
[Site "Wokefield Park ENG"]
[Date "2007.05.06"]
[Round "10.2"]
[White "Berry, Neil"]
[Black "Thomas, Nicholas"]
[Result "1/2-1/2"]
[WhiteElo "2291"]
[BlackElo "2279"]
[PlyCount "77"]
[EventDate "2007.05.06"]

1. d4 e6 2. e4 d5 3. Nd2 Nc6 4. Ngf3 Nf6 5. e5 Nd7 6. Bd3 f6 7. exf6 Qxf6 8.
O-O Bd6 9. c4 O-O 10. c5 Bf4 11. Nb3 e5 12. dxe5 Ndxe5 13. Be2 Be6 14. Bxf4
Qxf4 15. Nxe5 Qxe5 16. Qd2 Rad8 17. f4 Qf6 18. Bd3 Bf5 19. Bxf5 Qxf5 20. Nd4
Nxd4 21. Qxd4 Rde8 22. Rae1 c6 23. g3 Qc2 24. Qf2 Qc4 25. b3 Qb4 26. f5 Re4 27.
Rxe4 Qxe4 28. Qf4 Re8 29. Qd6 Qd4+ 30. Rf2 h5 31. Kg2 Qe4+ 32. Kg1 Qe1+ 33. Rf1
Qe3+ 34. Rf2 h4 35. f6 Rf8 36. f7+ Rxf7 37. Qd8+ Kh7 38. Qxh4+ Kg8 39. Qd8+
1/2-1/2

[Event "4NCL/Div2/WWKS1 vs. BAR2"]
[Site "Wokefield Park ENG"]
[Date "2007.05.06"]
[Round "10.3"]
[White "Pitcher, John"]
[Black "Lewis, Andrew P"]
[Result "1-0"]
[WhiteElo "2192"]
[BlackElo "2279"]
[PlyCount "127"]
[EventDate "2007.05.06"]

1. e4 c5 2. Nf3 Nc6 3. Bb5 g6 4. Bxc6 dxc6 5. d3 Bg7 6. Nc3 b6 7. h3 e5 8. Be3
h6 9. Qe2 Qc7 10. O-O-O Nf6 11. Nd2 Nh5 12. Qf1 Nf4 13. g3 O-O 14. Ne2 Nxe2+
15. Qxe2 f5 16. f4 Qf7 17. Kb1 Be6 18. exf5 Bxa2+ 19. Ka1 Bd5 20. Rhf1 Qxf5 21.
c4 exf4 22. cxd5 cxd5 23. Rxf4 Qe5 24. Nf3 Qe6 25. Re1 Rfe8 26. Qg2 Qc6 27. Bc1
g5 28. Rf5 d4 29. Rxe8+ Rxe8 30. Qc2 Qb5 31. g4 a5 32. Ka2 a4 33. Qc4+ Qxc4+
34. dxc4 Re2 35. Bd2 Rg2 36. Ka3 Rg3 37. Kxa4 Rxh3 38. Kb5 Rg3 39. Kxb6 Bf8 40.
Kb5 Rxg4 41. b4 Rg2 42. bxc5 g4 43. c6 Bd6 44. Bf4 Rb2+ 45. Ka6 Ra2+ 46. Kb7
Rb2+ 47. Kc8 Bxf4 48. Rxf4 gxf3 49. c7 Rc2 50. Kd7 Rxc4 51. c8=Q+ Rxc8 52. Kxc8
Kg7 53. Kd7 Kg6 54. Ke6 Kg5 55. Ke5 h5 56. Ke4 f2 57. Rxf2 Kg4 58. Rg2+ Kh3 59.
Kf3 d3 60. Rg5 h4 61. Rd5 d2 62. Kf2 Kh2 63. Rxd2 h3 64. Kf3+ 1-0

[Event "4NCL/Div2/WWKS1 vs. BAR2"]
[Site "Wokefield Park ENG"]
[Date "2007.05.06"]
[Round "10.4"]
[White "Taylor, Martin R"]
[Black "Shephard, Chris C W"]
[Result "1/2-1/2"]
[WhiteElo "2328"]
[BlackElo "2180"]
[PlyCount "32"]
[EventDate "2007.05.06"]

1. d4 Nf6 2. Bg5 d5 3. Bxf6 exf6 4. e3 Bd6 5. g3 O-O 6. Bg2 c6 7. Ne2 Re8 8.
O-O Bf5 9. Nd2 Bf8 10. c4 dxc4 11. Nxc4 Be4 12. Bxe4 Rxe4 13. Qb3 Re7 14. Nf4
Na6 15. Qc3 Rd7 16. Rab1 c5 1/2-1/2

[Event "4NCL/Div2/WWKS1 vs. BAR2"]
[Site "Wokefield Park ENG"]
[Date "2007.05.06"]
[Round "10.5"]
[White "Fishburne, Stewart K"]
[Black "Pritchett, Craig W"]
[Result "1/2-1/2"]
[WhiteElo "2200"]
[BlackElo "2306"]
[PlyCount "51"]
[EventDate "2007.05.06"]

1. e4 c5 2. Nc3 Nc6 3. g3 g6 4. Bg2 Bg7 5. d3 d6 6. Be3 Rb8 7. Qd2 b5 8. f4 Nd4
9. Nd1 e5 10. c3 exf4 11. gxf4 Ne6 12. Nf3 Ne7 13. f5 gxf5 14. O-O fxe4 15.
dxe4 Ng6 16. Nf2 O-O 17. Ng4 Bb7 18. Bh6 f5 19. Ng5 fxg4 20. Nxe6 Rxf1+ 21.
Rxf1 Bxh6 22. Qxh6 Qe7 23. Nf4 Qh4 24. Nh5 Qe7 25. Rf6 Rf8 26. Rxg6+ 1/2-1/2

[Event "4NCL/Div2/WWKS1 vs. BAR2"]
[Site "Wokefield Park ENG"]
[Date "2007.05.06"]
[Round "10.6"]
[White "Bigg, Andrew J"]
[Black "Fallowfield, Jeremy"]
[Result "1-0"]
[WhiteElo "2239"]
[BlackElo "2060"]
[PlyCount "45"]
[EventDate "2007.05.06"]

1. d4 f5 2. Nf3 Nf6 3. Bg5 e6 4. Nbd2 Be7 5. Bxf6 Bxf6 6. e4 fxe4 7. Nxe4 b6 8.
Bd3 Bb7 9. Qe2 O-O 10. O-O-O Nc6 11. c3 Ne7 12. h4 Nd5 13. Neg5 h6 14. Qe4 hxg5
15. Qh7+ Kf7 16. Qg6+ Ke7 17. hxg5 Qe8 18. gxf6+ gxf6 19. Qh6 Rg8 20. Be4 c6
21. c4 Nc7 22. Qf4 Qd8 23. Rh7+ 1-0

[Event "4NCL/Div2/WWKS1 vs. BAR2"]
[Site "Wokefield Park ENG"]
[Date "2007.05.06"]
[Round "10.7"]
[White "Fallowfield, Nicholas"]
[Black "Taylor, Peter"]
[Result "0-1"]
[WhiteElo "1980"]
[BlackElo "2224"]
[PlyCount "74"]
[EventDate "2007.05.06"]

1. Nf3 Nf6 2. c4 e6 3. g3 d5 4. Bg2 Be7 5. O-O O-O 6. b3 c5 7. Bb2 Nc6 8. e3 b6
9. Nc3 Bb7 10. cxd5 exd5 11. d4 Qd7 12. Ne5 Qe6 13. f4 cxd4 14. exd4 Nxd4 15.
Nxd5 Bxd5 16. Bxd4 Bxg2 17. Kxg2 Rad8 18. Nf3 Bc5 19. Re1 Qc6 20. Rc1 Rxd4 21.
Qxd4 Qxf3+ 22. Kxf3 Bxd4 23. Re7 a5 24. Rd1 Bc5 25. Rb7 h5 26. h3 Re8 27. Rd3
Re1 28. a3 Rf1+ 29. Ke2 Rf2+ 30. Kd1 Bxa3 31. Rxb6 Rh2 32. g4 hxg4 33. hxg4
Nxg4 34. Rg3 Nf2+ 35. Ke1 Bb4+ 36. Kf1 Ne4 37. Rb8+ Kh7 0-1